Jodie Comer Filmography - Statistics

General Stats
  • This quiz has been taken 163 times
    17 since last reset
  • The average score is 17 of 44
Answer Stats
Type Year Name % Correct
TV Show 2018-2022 Killing Eve
86%
TV Film 2021 Help
79%
Film 2021 Free Guy
71%
TV Show 2013-2015 My Mad Fat Diary
64%
TV Mini-Series 2017 The White Princess
64%
Film 2025 28 Years Later
57%
TV Show 2015-2017 Doctor Foster: A Woman Scorned
57%
Film 2022 National Theatre Live: Prima Facie
57%
Theater 2022-2023 Prima Facie
57%
TV Mini-Series 2011 Justice
50%
Film 2023 The Bikeriders
50%
Film 2023 The End We Start From
50%
Film 2021 The Last Duel
50%
TV Mini-Series 2016 Thirteen
50%
TV Show 2020 Alan Bennett's Talking Heads
43%
TV Film 2015 Lady Chatterley's Lover
43%
TV Mini-Series 2014 Remember Me
43%
TV Mini-Series 2018 Snatches: Moments from Women's Lives
43%
Film 2019 Star Wars: Episode IX - The Rise of Skywalker
43%
TV Show 2012 Casualty
36%
Short Film 2019 Either Way
36%
TV Mini-Series 2012 Good Cop
36%
TV Mini-Series 2016 Rillington Place
36%
Film 2026 The Death of Robin Hood
36%
Video Game 2024 Alone in the Dark
29%
TV Special 2021 An Audience with Adele
29%
TV Show 2012, 2013 Coming Up
29%
TV Show 2012 Doctors
29%
Film 2017 England Is Mine
29%
TV Show 2010 Holby City
29%
TV Show 2014 Inspector George Gently
29%
TV Show 2012 Silent Witness
29%
Film TBA Stuffed
29%
Short Film 2012 The Last Bite
29%
Film 2026 The Last Disturbance of Madeline Hynde
29%
TV Show 2010 Waterloo Road
29%
TV Show TBA Big Swiss
21%
Short Film 2013 In T'Vic
21%
TV Show 2013 Law & Order: UK
21%
TV Show 2008 The Royal Today
21%
TV Show 2013 Vera
21%
Documentary Series 2019 Portrait Artist of the Year
14%
TV Special 2018 Stand Up to Cancer
14%
TV Show 2018 Strictly Come Dancing
14%
No matching quizzes found
Score Distribution
Percent of People with Each Score
Percentile by Number Answered
Your Score History
You have not taken this quiz since the last reset